| 000 | 01774nam a2200469Ii 4500 | ||
|---|---|---|---|
| 001 | DIGFCE1083 | ||
| 003 | NyNyDIG | ||
| 006 | m o d | ||
| 007 | cr ||||||||||| | ||
| 008 | 220205s2018 mx ob 000 0 spa d | ||
| 035 | _a(OCoLC)1319851875 | ||
| 040 |
_aDGITA _beng _erda _epn _cDGITA |
||
| 020 |
_a9786071657954 _qeBook _qePub |
||
| 020 | _z9786071601667 | ||
| 050 | 1 | 4 | _aQ175 ebook |
| 082 | 0 | 4 | _a501 |
| 100 | 1 |
_aMarcos, Alfredo, _eauthor. |
|
| 245 | 1 | 0 |
_aCiencia y acción : _buna filosofía práctica de la ciencia / _cAlfredo Marcos. |
| 246 | 3 | 0 | _aFilosofía práctica de la ciencia |
| 250 | _aPrimera edición electrónica. | ||
| 264 | 1 |
_aCiudad de México : _bFondo de Cultura Económica, _c2018. |
|
| 300 | _a1 online resource. | ||
| 336 |
_atext _btxt _2rdacontent |
||
| 337 |
_acomputer _bc _2rdamedia |
||
| 338 |
_aonline resource _bcr _2rdacarrier |
||
| 347 |
_atext file _2rdaft |
||
| 347 | _bEPUB | ||
| 490 | 1 |
_aBreviarios del Fondo de Cultura Económica ; _v567 |
|
| 504 | _aIncludes bibliographical references. | ||
| 588 | 0 | _aOnline resource; title from ePub title page (Digitalia, viewed February 5, 2022) | |
| 650 | 0 |
_aScience _xMethodology. |
|
| 650 | 0 |
_aScience _xPhilosophy. |
|
| 650 | 0 | _aTechnology. | |
| 655 | 0 | _aElectronic books. | |
| 791 | 2 |
_aDigitalia (Firm), _edistributor. |
|
| 793 | 0 |
_gDigitalia eBook Collection: _aFondo de Cultura Económica |
|
| 776 | 0 | 8 |
_iPrint version: _aMarcos, Alfredo. _tCiencia y acción. _bPrimera edición. _dCiudad de México : Fondo de Cultura Económica, [2010] _z9786071601667 |
| 830 | 0 |
_aBreviarios del Fondo de Cultura Económica ; _v567. |
|
| 856 | 4 | 0 |
_3Digitalia Hispánica _uhttps://www.digitaliapublishing.com/a/64116/ |
| 910 | _aPremium collection: 2022 | ||
| 942 | _cRAA | ||
| 999 |
_c259805 _d259805 |
||